Mahatma Gandhi 1869-1948 / (Record no. 173285)
[ view plain ]
| 000 -LEADER | |
|---|---|
| fixed length control field | 01646aam a2200469 i 4500 |
| 001 - CONTROL NUMBER | |
| control field | vtls000770530 |
| 003 - CONTROL NUMBER IDENTIFIER | |
| control field | PNM |
| 005 - DATE AND TIME OF LATEST TRANSACTION | |
| control field | 20190704110652.0 |
| 008 - FIXED-LENGTH DATA ELEMENTS--GENERAL INFORMATION | |
| fixed length control field | 150514t20152011my ao j h a000 0bmay |
| 015 ## - NATIONAL BIBLIOGRAPHY NUMBER | |
| National bibliography number | M16-01646 |
| 020 ## - INTERNATIONAL STANDARD BOOK NUMBER | |
| International Standard Book Number | 9789674307714 |
| Qualifying information | set |
| International Standard Book Number | 9789670892399 |
| Qualifying information | paperback |
| Terms of availability | RM10.00 |
| 039 #9 - LEVEL OF BIBLIOGRAPHIC CONTROL AND CODING DETAIL [OBSOLETE] | |
| Level of rules in bibliographic description | 201704101127 |
| Level of effort used to assign nonsubject heading access points | faezah |
| Level of effort used to assign subject headings | 201605181345 |
| Level of effort used to assign classification | zuraidahm |
| Level of effort used to assign subject headings | 201603241529 |
| Level of effort used to assign classification | zuraidahm |
| Level of effort used to assign subject headings | 201603071113 |
| Level of effort used to assign classification | sham |
| 040 ## - CATALOGING SOURCE | |
| Original cataloging agency | BNM |
| Language of cataloging | eng |
| Transcribing agency | BNM |
| Modifying agency | PPAK |
| Description conventions | rda |
| 049 ## - LOCAL HOLDINGS (OCLC) | |
| Holding library | klpmal |
| 082 04 - DEWEY DECIMAL CLASSIFICATION NUMBER | |
| Classification number | 923.254 |
| Edition number | 23 |
| 090 00 - LOCALLY ASSIGNED LC-TYPE CALL NUMBER (OCLC); LOCAL CALL NUMBER (RLIN) | |
| Classification number (OCLC) (R) ; Classification number, CALL (RLIN) (NR) | 923.254 |
| Feature heading | MAH |
| Feature heading | K |
| 245 00 - TITLE STATEMENT | |
| Title | Mahatma Gandhi 1869-1948 / |
| Statement of responsibility, etc. | Penterjemah Jayakumary a/p Marimuthu |
| 246 13 - VARYING FORM OF TITLE | |
| Display text | Translation of: |
| Title proper/short title | Illustrious lives: |
| Remainder of title | Mahatma Gandhi |
| Display text | Terjemahan daripada : |
| Title proper/short title | Riwayat hidup tokoh terkenal : |
| Remainder of title | Mahatma Gandhi |
| 264 #1 - PRODUCTION, PUBLICATION, DISTRIBUTION, MANUFACTURE, AND COPYRIGHT NOTICE | |
| Place of production, publication, distribution, manufacture | Kuala Lumpur : |
| Name of producer, publisher, distributor, manufacturer | Institut Terjemahan & Buku Malaysia, |
| Date of production, publication, distribution, manufacture, or copyright notice | 2015 |
| Date of production, publication, distribution, manufacture, or copyright notice | ©2011 |
| 300 ## - PHYSICAL DESCRIPTION | |
| Extent | 24 pages : |
| Other physical details | colour photographs, colour illustrations ; |
| Dimensions | 21 x 23 cm. |
| 336 ## - CONTENT TYPE | |
| Content type term | text |
| Source | rdacontent |
| 337 ## - MEDIA TYPE | |
| Media type term | unmediated |
| Source | rdamedia |
| 338 ## - CARRIER TYPE | |
| Carrier type term | volume |
| Source | rdacarrier |
| 490 1# - SERIES STATEMENT | |
| Series statement | RIWAYAT HIDUP tokoh terkenal hasil kerja & kesungguhan mereka |
| 600 10 - SUBJECT ADDED ENTRY--PERSONAL NAME | |
| Personal name | Gandhi, |
| Titles and other words associated with a name | Mahatma, |
| Dates associated with a name | 1869-1948 |
| 651 #0 - SUBJECT ADDED ENTRY--GEOGRAPHIC NAME | |
| Geographic name | India |
| General subdivision | History |
| Chronological subdivision | 1858-1947 |
| Form subdivision | Biography |
| 700 0# - ADDED ENTRY--PERSONAL NAME | |
| Personal name | Jayakumary Marimuthu, |
| Relator term | translator. |
| 830 #0 - SERIES ADDED ENTRY--UNIFORM TITLE | |
| Uniform title | Riwayat hidup tokoh terkenal hasil kerja & kesungguhan mereka |
| 942 ## - ADDED ENTRY ELEMENTS (KOHA) | |
| Source of classification or shelving scheme | Dewey Decimal Classification |
| Koha item type | Book |
| 949 ## - LOCAL PROCESSING INFORMATION (OCLC) | |
| 6 | 2000502345 |
| a | 923.254 MAH M |
| 6 | 2000502350 |
| a | 923.254 MAH M |
| 6 | 1001365237 |
| 6 | 1001365238 |
| 6 | 1001365239 |
| 6 | 1001365240 |
| 6 | 1001365241 |
| 6 | 1001365242 |
| 6 | 1001365243 |
| Withdrawn | Not for loan | Current library | Shelving location | Date acquired | Full call number | Barcode | Date last seen | Koha item type |
|---|---|---|---|---|---|---|---|---|
| Perpustakaan Alor Setar | Pinjaman Kanak-kanak | 04/08/2019 | K 923.254 MAH | A01611174 | 04/08/2019 | Book | ||
| Perpustakaan Langkawi | Pinjaman Kanak-kanak | 29/07/2020 | K 923.254 MAH | A00739335 | 29/07/2020 | Book |